000 00456nam a2200181Ia 4500
001 7813
005 20260306160523.0
008 260306t2005||||xx |||||||||||||| ||spa||
041 _aESP
082 _a362.292
_bV23
100 _aVallejos, José
_eAUT
245 0 _aPrograma de intervención preventiva del consumo de alcohol para población infantil
260 _c2005
300 _a
_c
650 _aGEN
654 _aCPS
942 _cLIB
_dJUS
_fJUS
_2ddc
_n
999 _c7813
_d7813